000 00662nam a22002297a 4500
003 UA-OsUOA
001 53556
007 ta
008 20080410b un ||||| |||| 00| 0 ukr d
100 _aНазаров В.
090 _a215
_bН19
942 _cBK
040 _aUA-OsUOA
_brus
_cUA-OsUOA
_dUA-OsUOA
245 _aВведение в теологию
300 _a320 с.
955 _a2
041 _arus
080 _a215
260 _aМ.
_bГАРДАРИКИ
_c2004
650 7 _a21 Природна теологія. Теодицея (Бог). Раціональна теологія Релігійна філософія
_2UDC
999 _c339644
_d339644